Eurovision 2024 Finalists - Statistics

General Stats
  • This quiz has been taken 516 times
  • The average score is 22 of 25
Answer Stats
R/O Country % Correct
1 Sweden
97%
13 United Kingdom
97%
21 Switzerland
95%
25 France
94%
3 Germany
92%
14 Norway
92%
8 Spain
92%
23 Croatia
91%
9 Estonia
91%
17 Finland
91%
10 Ireland
91%
6 Israel
91%
15 Italy
91%
2 Ukraine
91%
11 Latvia
89%
26 Austria
87%
18 Portugal
87%
12 Greece
86%
7 Lithuania
86%
4 Luxembourg
86%
16 Serbia
82%
19 Armenia
81%
22 Slovenia
81%
20 Cyprus
78%
24 Georgia
74%
No matching quizzes found
Score Distribution
Percent of People with Each Score
Percentile by Number Answered
Your Score History
You have not taken this quiz